British Celebrities by Picture - Statistics

General Stats
  • This quiz has been taken 657 times
    80 since last reset
  • The average score is 8 of 11
Answer Stats
Picture Answer % Correct
Queen Elizabeth II
97%
Benedict Cumberbatch
92%
Margaret Thatcher
85%
Winston Churchill
84%
Idris Elba
83%
Elton John
80%
Ian Mckellen
63%
Patrick Stewart
53%
Julie Andrews
51%
Ben Kingsley
45%
Christopher Lee
28%
No matching quizzes found
Score Distribution
Percent of People with Each Score
Percentile by Number Answered
Your Score History
You have not taken this quiz since the last reset